Statistics for The Bible - True or False?

Click here to take the quiz!

General Stats

  • This quiz has been taken 176 times
  • The average score is 12 of 15

Answer Stats

QuestionAnswer% Correct
Noah's ark survived the floodTrue
96%
Jesus turned water into wineTrue
96%
Adam and Eve were created at the same timeFalse
94%
The Israelites were enslaved in EgyptTrue
93%
Samson was killed by a lionFalse
92%
Goliath was a SamaritanFalse
87%
The first five books of the Bible are known as the Pentateuch or TorahTrue
86%
Jesus was crucified in RomeFalse
85%
The word 'love' is NOT found in the BibleFalse
85%
The Old Testament is longer than the New TestamentTrue
84%
Psalms is the longest book in the BibleTrue
78%
Paul was one of Jesus' 12 disciplesFalse
68%
Jesus said: "Every city or house divided against itself shall not stand."True
68%
Hezekiah is a book of the BibleFalse
66%
King Cyrus was a ruler of BabylonFalse
54%

Score Distribution

Percentile by Number Answered

Percent of People with Each Score

Your Score History

You have not taken this quiz